Carassa. Llengua catalana. 3º curs

Gespeichert in:
Bibliographische Detailangaben
1. Verfasser: Cardona de Gibert, Angels Perera i Parramón, Joan Serra i Cirera, Joan Serra i Metons, Mª del Carme
Format: keine Angabe
Sprache:Spanisch
Katalanisch
Erschienen: Sant Adrià de Besòs. Barcelona Bruño 1979
Katalog:MANES:  Suchergebnis im Bibliothekskatalog
Schulbuchspezifische Eigenschaften:
Schriftenreihe:El Vaixell
Tags: Tag hinzufügen
Keine Tags, Fügen Sie den ersten Tag hinzu!
Hinzugefügt zu:26.04.2016
Geändert in:20.11.2024

MARC

LEADER 000000000a22000000004500
001 01991
003 OSt
005 20241121020106.0
008 160427s sp ||||| |||| 00| 0 spa d
040 |c centro_manes 
041 1 |a cat 
691 7 |a PRI 
100 1 |a Cardona de Gibert, Angels  |9 197  |a Perera i Parramón, Joan  |9 254  |a Serra i Cirera, Joan  |9 255  |a Serra i Metons, Mª del Carme  |9 256 
245 0 0 |a Carassa. Llengua catalana. 3º curs 
260 3 |a Sant Adrià de Besòs. Barcelona  |b Bruño  |c 1979 
300 |a 159 p.  |c 25x19 cm 
440 |a El Vaixell  |9 196 
500 |a Edición experimental. Fecha de publicación tomada del Depósito Legal 
690 0 |a LEN 
942 |2 ddc  |c BK 
546 |a España 
999 |c 7965  |d 7965 
999 |c manes:7965  |d 7965